000 00882nam a2200277Ia 4500
003 OSt
005 20220928115710.0
006 a|||||r|||| 00| 0
007 ta
008 220927b |||||||| |||| 00| 0 eng d
020 _c2807.364
024 _a99641
037 _b46, 25/09/2009, Insat Books and Periodicals
_cTextual
040 _aSDCL
_cSDCL
_beng
041 _2eng
_aeng
082 _aB217, P9
100 _aGeroldinger Alfred
_9445685
245 0 _aCombinatorial number theory and additive group theory.
260 _aBasel
_bBirkhauser Verlag
_c2009
300 _axi,330p.
_ccm.
490 _aAdvanced Courses in Mathematics CRM Barcelona
650 _aMathematics
700 _a Ruzsa Imre Z
_9445686
942 _hB217, P9
_cTEXL
_2CC
999 _c760589
_d760589